Top 10 Most Followed Footballers on Instagram - Statistics

General Stats
  • This quiz has been taken 270 times
  • The average score is 5 of 10
Answer Stats
Hint Answer % Correct
551mil Cristiano Ronaldo
100%
433mil Lionel Messi
100%
204mil Neymar Jr
90%
98.6mil Kylian Mbappe
86%
58.2mil Zlatan Ibrahimovic
38%
56.7mil Sergio Ramos
37%
50.2mil Gareth Bale
32%
57.3mil Paul Pogba
25%
62mil Marcelo
22%
50.5mil James Rodriguez
11%
No matching quizzes found
Score Distribution
Percent of People with Each Score
Percentile by Number Answered
Your Score History
You have not taken this quiz